000 00335 a2200157 4500
001 13425
020 _a9788506076675
040 _cAnchieta - Aquarius
100 _aBelinky, Tatiana
240 1 0 _a#O patinho feio
_lpor
245 1 0 _a#O patinho feio
300 _a
362 0 _a2015
650 4 _aLiteratura infantil
942 _cBK
999 _c13425
_d13425